000
00201 a2200097 4500
001
7141
100
_a
Gatland, K.W
245
_a
Spacecraft and boosters
260
_a
_b
Iliffe
_c
090
_c
5910
_d
5910
942
_a
NUST-CAE
_c
M
_c
32390
999
_c
242214
_d
242214